| 000 | 00373nam a2200157Ia 4500 | ||
|---|---|---|---|
| 008 | 230917s9999||||xx |||||||||||||| ||und|| | ||
| 040 |
_e167183 _aMAIN |
||
| 041 | _aEnglish | ||
| 082 | _a394.1 K654F (5) | ||
| 100 | _aKittler, Pamela Goyan | ||
| 245 | 0 | _aFood and culture | |
| 250 | _a5th ed. | ||
| 260 |
_aBelmont _bWadsworth _c2008 |
||
| 300 | _a558 p. | ||
| 942 | _cBK | ||
| 999 |
_c153450 _d153450 |
||